[Event "Miedzynarodowy Turniej Szachowy Szachowe"]
[Site "WSUS Poznan, ul. Glogowska"]
[Date "2013.??.??"]
[Round "6.1"]
[White "Malaniuk, Vladimir P"]
[Black "Bartkowiak, Damian"]
[Result "1/2-1/2"]
[WhiteElo "2529"]
[BlackElo "2152"]
[PlyCount "62"]
[EventDate "2013.??.??"]

1. d4 f5 2. g3 e6 3. Bg2 Nf6 4. Nf3 c6 5. O-O d5 6. b3 Be7 7. c4 O-O 8. Qc2 Bd7
9. Ba3 Be8 10. Ne5 Bh5 11. Nd3 Bxa3 12. Nxa3 Qe7 13. Qb2 a5 14. Rac1 g5 15. Nb1
a4 16. b4 a3 17. Nxa3 Bxe2 18. Qxe2 Rxa3 19. Nc5 Ne4 20. Qb2 Ra7 21. Nxe4 dxe4
22. f3 Na6 23. a3 exf3 24. Rxf3 Nc7 25. Rd1 Rd8 26. Rfd3 Qf6 27. Qa2 Kg7 28. a4
h5 29. c5 g4 30. Qf2 Raa8 31. h3 Rd7 1/2-1/2

[Event "Miedzynarodowy Turniej Szachowy Szachowe"]
[Site "WSUS Poznan, ul. Glogowska"]
[Date "2013.??.??"]
[Round "6.2"]
[White "Swiatek, Bartosz"]
[Black "Zakrzewski, Marek"]
[Result "0-1"]
[WhiteElo "2065"]
[BlackElo "2126"]
[PlyCount "106"]
[EventDate "2013.??.??"]

1. e4 c5 2. Nf3 e6 3. d4 cxd4 4. Nxd4 Nc6 5. Nc3 Qc7 6. Be2 a6 7. O-O Nf6 8. a4
Bb4 9. Bg5 Qe5 10. Nf3 Qa5 11. Bxf6 gxf6 12. Qd3 O-O 13. Nd2 Kh8 14. Nc4 Ne5
15. Qd4 Qc5 16. Qxc5 Bxc5 17. Rad1 Nxc4 18. Bxc4 d6 19. Kh1 Bd7 20. e5 fxe5 21.
Ne4 Bxa4 22. b3 Bc6 23. Nxd6 Bxd6 24. Rxd6 Rfd8 25. Rfd1 Rxd6 26. Rxd6 Kg7 27.
f3 Kf6 28. Kg1 e4 29. f4 Ke7 30. Rd2 a5 31. Bf1 Rd8 32. Rxd8 Kxd8 33. c4 Kc7
34. Kf2 Kd6 35. Ke3 Kc5 36. Be2 a4 37. bxa4 Bxa4 38. Kxe4 Bb3 39. Ke5 Bxc4 40.
Bd1 b5 41. g4 b4 42. Bc2 Be2 43. h3 Kc4 44. Bxh7 b3 45. f5 exf5 46. Bg8 Kc3 47.
Bxf7 Bc4 48. Bg6 b2 49. Bxf5 Bd3 50. Bxd3 Kxd3 51. g5 b1=Q 52. g6 Qh1 53. g7
Qa1+ 0-1

[Event "Miedzynarodowy Turniej Szachowy Szachowe"]
[Site "WSUS Poznan, ul. Glogowska"]
[Date "2013.??.??"]
[Round "6.3"]
[White "Weglarz, Leszek"]
[Black "Chojnacki, Tomasz"]
[Result "1/2-1/2"]
[WhiteElo "2224"]
[BlackElo "1883"]
[PlyCount "60"]
[EventDate "2013.??.??"]

1. e4 c6 2. d4 d5 3. e5 Bf5 4. Nf3 e6 5. Be2 c5 6. O-O Nd7 7. c3 Ne7 8. b3 Nc6
9. Bb2 Be7 10. Nbd2 O-O 11. a3 Rb8 12. c4 cxd4 13. Nxd4 Ndxe5 14. Nxf5 exf5 15.
cxd5 Qxd5 16. Nc4 Rbd8 17. Qc2 f4 18. Nxe5 Nxe5 19. Rad1 Qc6 20. Qf5 f3 21.
Qxe5 Bf6 22. Bxf3 Bxe5 23. Bxc6 Bxb2 24. Bxb7 Bxa3 25. g3 g6 26. Kg2 Bc5 27.
Ba6 Bb6 28. Bc4 Rxd1 29. Rxd1 Rd8 30. Rxd8+ Bxd8 1/2-1/2

[Event "Miedzynarodowy Turniej Szachowy Szachowe"]
[Site "WSUS Poznan, ul. Glogowska"]
[Date "2013.??.??"]
[Round "6.4"]
[White "Glatty, Zbigniew"]
[Black "Kaczmarek, Piotr"]
[Result "1-0"]
[WhiteElo "1915"]
[BlackElo "1872"]
[PlyCount "75"]
[EventDate "2013.??.??"]

1. e4 e5 2. Nf3 Nc6 3. Bb5 a6 4. Ba4 Nf6 5. O-O b5 6. Bb3 Bc5 7. c3 d6 8. h3
Bb7 9. d3 h6 10. Qe2 Qd7 11. Be3 O-O-O 12. Bc2 g5 13. Nfd2 Ne7 14. b4 Bb6 15.
a4 Ng6 16. Qf3 Nf4 17. a5 h5 18. Bxf4 g4 19. Qg3 h4 20. Qh2 Bxf2+ 21. Rxf2 Nh5
22. hxg4 Nxf4 23. Rxf4 exf4 24. Qxf4 Kb8 25. Nf1 h3 26. g3 d5 27. Nbd2 Rdg8 28.
Nh2 dxe4 29. dxe4 Qc6 30. Qe3 f5 31. gxf5 Qd6 32. g4 Rh4 33. Bd1 Re8 34. Bf3
Qg3+ 35. Kh1 Qe5 36. Nb3 Bd5 37. Nc5 Bc4 38. Nd7+ 1-0

[Event "Miedzynarodowy Turniej Szachowy Szachowe"]
[Site "WSUS Poznan, ul. Glogowska"]
[Date "2013.??.??"]
[Round "6.5"]
[White "Kozlowska, Marzena"]
[Black "Przybylak, Lukasz"]
[Result "1/2-1/2"]
[WhiteElo "1921"]
[BlackElo "1871"]
[PlyCount "88"]
[EventDate "2013.??.??"]

1. e4 c6 2. d4 d5 3. Nd2 dxe4 4. Nxe4 Bf5 5. Ng3 Bg6 6. h4 h6 7. Nf3 Nd7 8. h5
Bh7 9. Bd3 Bxd3 10. Qxd3 e6 11. Bf4 Qa5+ 12. Bd2 Qc7 13. O-O-O O-O-O 14. Kb1
Ngf6 15. c4 Bd6 16. Ne2 e5 17. dxe5 Nxe5 18. Nxe5 Bxe5 19. Qf5+ Qd7 20. Qc2 Qd3
21. Be3 Qxc2+ 22. Kxc2 Rxd1 23. Rxd1 b6 24. c5 Bc7 25. Nd4 Rd8 26. Nxc6 Rxd1
27. Kxd1 Kb7 28. Ne7 bxc5 29. Bxc5 Nxh5 30. Nf5 Be5 31. b3 Nf4 32. g3 Nd3 33.
Be3 a6 34. f4 Bf6 35. Nd6+ Kc6 36. Nxf7 Kd5 37. Kd2 Nc5 38. Bxc5 Kxc5 39. Kd3
Kd5 40. Nh8 g5 41. Ng6 a5 42. Ke2 h5 43. fxg5 Bxg5 44. Kd3 Bc1 1/2-1/2

[Event "Miedzynarodowy Turniej Szachowy Szachowe"]
[Site "WSUS Poznan, ul. Glogowska"]
[Date "2013.??.??"]
[Round "6.6"]
[White "Maksimenko, Andrei Jr"]
[Black "Pawlowski, Rafal"]
[Result "0-1"]
[WhiteElo "1961"]
[BlackElo "1531"]
[PlyCount "68"]
[EventDate "2013.??.??"]

1. e4 e6 2. Nf3 d5 3. Nc3 Nf6 4. e5 Nfd7 5. d4 c5 6. dxc5 Bxc5 7. Bd3 Nc6 8.
Bf4 Qb6 9. O-O a6 10. Rb1 Nb4 11. Na4 Qc7 12. Nxc5 Nxc5 13. a3 Ncxd3 14. cxd3
Nc6 15. d4 O-O 16. Bg3 Bd7 17. Qd3 h6 18. b4 Rfc8 19. Nh4 Qb6 20. Rbd1 Ne7 21.
Qe3 Rc4 22. f4 Rac8 23. Be1 Ba4 24. Rd2 Rc3 25. Qf2 Bb5 26. Rd1 Rc2 27. Rd2
Rxd2 28. Bxd2 Bxf1 29. Kxf1 Rc2 30. f5 exf5 31. Nxf5 Nxf5 32. Qxf5 Rxd2 33.
Qc8+ Kh7 34. Qf5+ Qg6 0-1

[Event "Miedzynarodowy Turniej Szachowy Szachowe"]
[Site "WSUS Poznan, ul. Glogowska"]
[Date "2013.??.??"]
[Round "6.7"]
[White "Bajerlein, Dawid"]
[Black "Niedbala, Wojciech"]
[Result "1-0"]
[WhiteElo "2099"]
[BlackElo "1790"]
[PlyCount "65"]
[EventDate "2013.??.??"]

1. Nf3 Nf6 2. d4 g6 3. c4 Bg7 4. g3 O-O 5. Bg2 d6 6. Nc3 c6 7. O-O Bf5 8. h3
Ne4 9. Nh4 Nxc3 10. bxc3 Be6 11. Qd3 Na6 12. e4 Qa5 13. Be3 Rfc8 14. Rfc1 b5
15. cxb5 cxb5 16. f4 Bc4 17. Qd2 Rc7 18. f5 Rac8 19. Bh6 Bxh6 20. Qxh6 Be2 21.
e5 dxe5 22. dxe5 Rxc3 23. Kh2 Qd8 24. Rxc3 Rxc3 25. fxg6 fxg6 26. Nxg6 hxg6 27.
Qxg6+ Kf8 28. e6 Qe8 29. Rf1+ Bxf1 30. Qh6+ Kg8 31. Be4 Rxg3 32. Bh7+ Kh8 33.
Bg6+ 1-0

[Event "Miedzynarodowy Turniej Szachowy Szachowe"]
[Site "WSUS Poznan, ul. Glogowska"]
[Date "2013.??.??"]
[Round "6.8"]
[White "Pietrucha, Jaroslaw"]
[Black "Stachowiak, Slawomir"]
[Result "1-0"]
[WhiteElo "1823"]
[BlackElo "2000"]
[PlyCount "44"]
[EventDate "2013.??.??"]

1. e4 e5 2. Nf3 Nc6 3. d4 exd4 4. Nxd4 Nf6 5. Bg5 d6 6. Nc3 Be7 7. Nxc6 bxc6 8.
Be2 Nxe4 9. Bxe7 Qxe7 10. Nxe4 Qxe4 11. O-O O-O 12. Bf3 Qc4 13. Re1 Bf5 14. Re7
Rac8 15. b3 Qh4 16. Re3 d5 17. Qe2 Qf6 18. c3 Qg6 19. b4 c5 20. b5 c6 21. bxc6
Rc7 22. Rd1 Bc8 {dalszy zapis nieczytelny!} 1-0

[Event "Miedzynarodowy Turniej Szachowy Szachowe"]
[Site "WSUS Poznan, ul. Glogowska"]
[Date "2013.??.??"]
[Round "6.9"]
[White "Jarmuzek, Karolina"]
[Black "Kozlowski, Tomasz"]
[Result "0-1"]
[WhiteElo "1664"]
[BlackElo "1978"]
[PlyCount "144"]
[EventDate "2013.??.??"]

1. e4 d5 2. exd5 Nf6 3. d4 Bg4 4. f3 Bf5 5. Bb5+ Nbd7 6. c4 a6 7. Bxd7+ Nxd7 8.
Ne2 e6 9. dxe6 Bxe6 10. b3 Bb4+ 11. Bd2 Bxd2+ 12. Qxd2 Qh4+ 13. g3 Qe7 14. O-O
O-O-O 15. Nf4 g5 16. Nxe6 fxe6 17. Nc3 Rhf8 18. Qb2 Qg7 19. Ne2 c5 20. b4 cxd4
21. Qxd4 Ne5 22. Qc5+ Kb8 23. b5 Nxf3+ 24. Kh1 Qb2 25. Rae1 axb5 26. cxb5 Rf5
27. Qe7 Qf6 28. Qxf6 Rxf6 29. Rd1 Rxd1 30. Rxd1 Kc7 31. a4 Nxh2 32. Kxh2 Rf2+
33. Kh3 Rxe2 34. a5 h5 35. g4 hxg4+ 36. Kxg4 Re5 37. b6+ Kc6 38. Rc1+ Rc5 39.
Re1 Rxa5 40. Rxe6+ Kd7 41. Rh6 Re5 42. Rh7+ Kc6 43. Rh6+ Kb5 44. Rf6 Ka6 45.
Rd6 Rb5 46. Rg6 Ka5 47. Kf3 Rxb6 48. Rxg5+ Rb5 49. Rg7 b6 50. Ke4 Rc5 51. Kd4
Rc8 52. Ra7+ Kb4 53. Rd7 Rc1 54. Ke3 b5 55. Kd2 Rc6 56. Rd8 Kb3 57. Rb8 b4 58.
Rd8 Kb2 59. Rd4 b3 60. Rd7 Ra6 61. Rb7 Rd6+ 62. Ke1 Rd3 63. Ra7 Kc1 64. Ra8
Re3+ 65. Kf2 Rc3 66. Ra1+ Kc2 67. Re1 b2 68. Re2+ Kb3 69. Re1 Rc1 70. Re3+ Kc4
71. Re8 b1=Q 72. Rc8+ Kd5 0-1

[Event "Miedzynarodowy Turniej Szachowy Szachowe"]
[Site "WSUS Poznan, ul. Glogowska"]
[Date "2013.??.??"]
[Round "6.11"]
[White "Niekras, Dawid"]
[Black "Pawlicki, Dariusz"]
[Result "1/2-1/2"]
[WhiteElo "1971"]
[BlackElo "1688"]
[PlyCount "90"]
[EventDate "2013.??.??"]

1. e4 c6 2. d4 d5 3. Nc3 dxe4 4. Nxe4 Bf5 5. Ng3 Bg6 6. h4 h6 7. Nf3 Nd7 8. h5
Bh7 9. Bd3 Bxd3 10. Qxd3 e6 11. Bf4 Ngf6 12. O-O-O Nd5 13. Bd2 Qc7 14. Rhe1
O-O-O 15. Kb1 Bd6 16. Ne4 Bf4 17. Bxf4 Nxf4 18. Qa3 Kb8 19. g4 Nd5 20. c4 N5f6
21. Nxf6 Nxf6 22. Ne5 Rhf8 23. Qe3 Qa5 24. g5 Nxh5 25. Rh1 g6 26. gxh6 Qc7 27.
Ng4 Rh8 28. Qg5 Rh7 29. Nf6 Nxf6 30. Qxf6 Rdh8 31. Qg5 Qd8 32. Qxd8+ Rxd8 33.
Rh3 Kc7 34. Kc2 Kd6 35. Kd3 Rdh8 36. Rdh1 b6 37. Ke4 a6 38. b4 Rc8 39. Ra3 Ra8
40. c5+ Kc7 41. Ke5 b5 42. Kf6 Kb7 43. Ke7 Rc8 44. Re3 Rc7+ 45. Kf6 Rd7 1/2-1/2

[Event "Miedzynarodowy Turniej Szachowy Szachowe"]
[Site "WSUS Poznan, ul. Glogowska"]
[Date "2013.??.??"]
[Round "6.12"]
[White "Bednarska-bzdega, Malgorzata"]
[Black "Nowaczyk, Mikolaj"]
[Result "1-0"]
[WhiteElo "2115"]
[BlackElo "1646"]
[PlyCount "75"]
[EventDate "2013.??.??"]

1. e4 c5 2. Nf3 d6 3. d4 cxd4 4. Nxd4 Nf6 5. Nc3 g6 6. g3 Bg7 7. Bg2 O-O 8. O-O
Bg4 9. f3 Bd7 10. Be3 Nc6 11. Qd2 Ne5 12. b3 Qa5 13. Rad1 Rfc8 14. Nd5 Qxd2 15.
Rxd2 Nxd5 16. exd5 Rc3 17. Bg5 f6 18. Ne2 Rc7 19. Be3 b5 20. c3 Bf5 21. Rfd1 h5
22. h3 Bd7 23. f4 Nf7 24. Kh2 f5 25. Bd4 Bxd4 26. Rxd4 a5 27. R4d3 a4 28. Re3
Be8 29. b4 Rac8 30. Rdd3 Kg7 31. Nd4 Nd8 32. Kg1 Bf7 33. Nxb5 Rb7 34. Nd4 Be8
35. a3 Bb5 36. Nxb5 Rxb5 37. Rxe7+ Nf7 38. Ra7 1-0

[Event "Miedzynarodowy Turniej Szachowy Szachowe"]
[Site "WSUS Poznan, ul. Glogowska"]
[Date "2013.??.??"]
[Round "6.13"]
[White "Sklepinski, Artur"]
[Black "Chojnowski, Robert"]
[Result "0-1"]
[WhiteElo "1772"]
[BlackElo "1640"]
[PlyCount "144"]
[EventDate "2013.??.??"]

1. d4 f5 2. c4 Nf6 3. Nf3 e6 4. g3 c6 5. Bg2 d5 6. cxd5 exd5 7. O-O Bd6 8. Nc3
Nbd7 9. Qc2 Ne4 10. Nd2 O-O 11. Ndxe4 fxe4 12. f3 exf3 13. exf3 Nf6 14. Be3 Be6
15. Ne2 Qe7 16. Bf2 Qd7 17. Qd2 b6 18. a3 c5 19. dxc5 bxc5 20. b4 c4 21. Nd4 a6
22. Rfe1 Rae8 23. Nxe6 Rxe6 24. Bd4 Ne8 25. Bc3 Bb8 26. Kh1 Ba7 27. Rxe6 Qxe6
28. Re1 Qd7 29. Bf1 Qc6 30. Bg2 Qd7 31. Rd1 Nc7 32. Bd4 Bxd4 33. Qxd4 Rd8 34.
f4 Qd6 35. Qc3 Kf8 36. a4 Qc6 37. a5 Qd6 38. Bf1 Qc6 39. Qe5 d4+ 40. Bg2 Qd6
41. Qf5+ Kg8 42. Be4 g6 43. Qg5 Kg7 44. f5 Re8 45. f6+ Kf7 46. Qh4 Qxf6 47.
Qxf6+ Kxf6 48. Rxd4 c3 49. Rc4 Nb5 50. Bd3 Rd8 51. Bf1 Rd2 52. Rc6+ Ke5 53.
Rxa6 c2 54. Rc6 Nd4 55. Rc5+ Kd6 56. a6 Nf3 57. Bg2 Rd1+ 58. Bf1 Rxf1+ 59. Kg2
c1=Q 60. a7 Rg1+ 61. Kxf3 Qf1+ 62. Kg4 Qa6 63. Ra5 Qc8+ 64. Kh4 Qa8 65. Ra6+
Kc7 66. b5 Rb1 67. Re6 Qxa7 68. Re7+ Kb6 69. Rxa7 Kxa7 70. Kg5 Rxb5+ 71. Kf6
Rh5 72. h4 Kb6 0-1

[Event "Miedzynarodowy Turniej Szachowy Szachowe"]
[Site "WSUS Poznan, ul. Glogowska"]
[Date "2013.??.??"]
[Round "6.14"]
[White "Baranowski, Adam"]
[Black "Kiwilsza, Piotr"]
[Result "0-1"]
[WhiteElo "1595"]
[BlackElo "1751"]
[PlyCount "98"]
[EventDate "2013.??.??"]

1. e4 e5 2. Nc3 Nc6 3. f4 exf4 4. Nf3 d6 5. d4 Bg4 6. Bxf4 Bxf3 7. gxf3 Qf6 8.
Nd5 Qd8 9. c3 Nf6 10. Bb5 a6 11. Ba4 Nh5 12. Be3 Be7 13. Qd2 Bh4+ 14. Ke2 O-O
15. Rhg1 Ne7 16. Nf4 Nxf4+ 17. Bxf4 Ng6 18. Be3 d5 19. e5 b5 20. Bc2 Qe7 21.
Raf1 f5 22. f4 a5 23. Bd1 b4 24. Kf3 Rfb8 25. Kg2 Qe6 26. Kh1 Be7 27. Bh5 Nh4
28. Rg3 bxc3 29. bxc3 Rb6 30. Rfg1 g6 31. Rh3 Rab8 32. Bd1 Rb2 33. Bc2 c5 34.
Bf2 cxd4 35. Bxh4 Bxh4 36. Rxh4 dxc3 37. Qxc3 d4 38. Qc5 Rc8 39. Bb3 Rxb3 40.
Qxc8+ Qxc8 41. axb3 Qb7+ 42. Rg2 Qxb3 43. Rg3 d3 44. Rhh3 Qd1+ 45. Rg1 Qe2 46.
e6 Kf8 47. Rxh7 Qe4+ 48. Rg2 Qxe6 49. h4 d2 0-1

[Event "Miedzynarodowy Turniej Szachowy Szachowe"]
[Site "WSUS Poznan, ul. Glogowska"]
[Date "2013.??.??"]
[Round "6.15"]
[White "Szymanski, Leszek"]
[Black "Raczynski, Krzysztof"]
[Result "1-0"]
[WhiteElo "1750"]
[BlackElo "1595"]
[PlyCount "119"]
[EventDate "2013.??.??"]

1. d4 Nf6 2. Nf3 c5 3. c4 g6 4. Nc3 Bg7 5. e4 cxd4 6. Nxd4 d6 7. Be2 Nc6 8. Be3
O-O 9. O-O Bd7 10. Qd2 Rc8 11. Rac1 Ne5 12. b3 Neg4 13. Bxg4 Nxg4 14. Bg5 h6
15. Bh4 Re8 16. Nd5 g5 17. Bg3 e6 18. Ne3 Nf6 19. f3 Qb6 20. Rfd1 Nh5 21. Bf2
Nf4 22. Ne2 Nxe2+ 23. Qxe2 Qa6 24. Kf1 Red8 25. g4 b5 26. Bg3 Be8 27. Kf2 bxc4
28. bxc4 Ba4 29. Rd2 Qb6 30. Kg2 Rd7 31. Bf2 Qb4 32. Qd3 Rb8 33. Nd1 Qa5 34.
Bd4 Bf8 35. Bc3 Qc7 36. Ne3 Rc8 37. Rb1 Bc6 38. Qd4 e5 39. Qd3 Rdd8 40. Rdb2
Ba8 41. Qd2 Qc5 42. Rb5 Qc6 43. Ba5 Rd7 44. h4 f6 45. Kg3 Rf7 46. Qb2 Be7 47.
Rb8 gxh4+ 48. Kh3 f5 49. Rxc8+ Qxc8 50. Nxf5 Bg5 51. Qb8 Qxb8 52. Rxb8+ Rf8 53.
Bc7 Rxb8 54. Bxb8 a5 55. Bxd6 Bf4 56. c5 Kf7 57. Kxh4 Ke6 58. Kh5 Kd7 59. Nxh6
Kc6 60. a4 1-0

[Event "Miedzynarodowy Turniej Szachowy Szachowe"]
[Site "WSUS Poznan, ul. Glogowska"]
[Date "2013.??.??"]
[Round "6.16"]
[White "Kostecki, Samuel"]
[Black "Gajzner, Ryszard"]
[Result "0-1"]
[WhiteElo "1497"]
[BlackElo "1747"]
[PlyCount "90"]
[EventDate "2013.??.??"]

1. d4 e6 2. c4 Nf6 3. Nf3 Bb4+ 4. Bd2 Qe7 5. Nc3 Nc6 6. g3 O-O 7. Bg2 d6 8. O-O
e5 9. Bg5 Bxc3 10. bxc3 Bd7 11. Rb1 Rab8 12. Qc2 h6 13. Bxf6 Qxf6 14. e4 exd4
15. cxd4 Bg4 16. e5 dxe5 17. dxe5 Qe6 18. Qc3 b6 19. Nd4 Nxd4 20. Qxd4 c5 21.
Qf4 g5 22. Qe3 Qxc4 23. h3 Bf5 24. Rbd1 Rbd8 25. Rd6 Rxd6 26. exd6 Qe6 27. Qd2
Rd8 28. Rd1 Qf6 29. g4 Be6 30. Bc6 Qe5 31. d7 Qc7 32. Qd6 Qxd6 33. Rxd6 Kf8 34.
Kf1 Ke7 35. Rd2 Bxd7 36. Be4 Bb5+ 37. Ke1 Rxd2 38. Kxd2 Bf1 39. f3 Ke6 40. Kc3
Ke5 41. a4 Bxh3 42. Bd3 Bg2 43. Kc4 Bxf3 44. Kb5 Bxg4 45. Ka6 Bd7 0-1

[Event "Miedzynarodowy Turniej Szachowy Szachowe"]
[Site "WSUS Poznan, ul. Glogowska"]
[Date "2013.??.??"]
[Round "6.17"]
[White "Hoffmann, Piotr"]
[Black "Nawrocki, Arkadiusz"]
[Result "1-0"]
[WhiteElo "1725"]
[BlackElo "1576"]
[PlyCount "39"]
[EventDate "2013.??.??"]

1. Nc3 d5 2. e4 c6 3. Qf3 d4 4. Bc4 e6 5. Nce2 b5 6. Bb3 Bb7 7. d3 c5 8. Qg3
Nc6 9. a3 Nge7 10. f4 Ng6 11. Nh3 Be7 12. Qf2 O-O 13. O-O Rc8 14. Ng3 Bh4 15.
Qe2 Na5 16. Ba2 c4 17. f5 exf5 18. Nxf5 cxd3 19. cxd3 Nc6 20. Nxh4 1-0

[Event "Miedzynarodowy Turniej Szachowy Szachowe"]
[Site "WSUS Poznan, ul. Glogowska"]
[Date "2013.??.??"]
[Round "6.18"]
[White "Opolski, Wojciech"]
[Black "Wittig, Zenon"]
[Result "1-0"]
[WhiteElo "1683"]
[BlackElo "1541"]
[PlyCount "60"]
[EventDate "2013.??.??"]

1. d4 d5 2. c4 e6 3. Nc3 Nf6 4. Bg5 Nbd7 5. e3 Be7 6. Nf3 h6 7. Bh4 O-O 8. Bd3
b6 9. cxd5 Nxd5 10. Nxd5 exd5 11. Bxe7 Qxe7 12. O-O Nf6 13. Ne5 c5 14. b3 Be6
15. Qf3 Nd7 16. Qg3 Nxe5 17. Qxe5 Qg5 18. f4 Qxe5 19. dxe5 f6 20. f5 Bd7 21. e6
Bc6 22. Rac1 b5 23. Rxc5 Rac8 24. Rfc1 Bb7 25. Rxc8 Rxc8 26. Rxc8+ Bxc8 27.
Bxb5 Kf8 28. Bc6 Ke7 29. Bxd5 Kd6 30. e4 Ba6 1-0

[Event "Miedzynarodowy Turniej Szachowy Szachowe"]
[Site "WSUS Poznan, ul. Glogowska"]
[Date "2013.??.??"]
[Round "6.19"]
[White "Lisiecki, Robert"]
[Black "Kupsik, Joanna"]
[Result "1-0"]
[WhiteElo "1426"]
[BlackElo "1668"]
[PlyCount "79"]
[EventDate "2013.??.??"]

1. Nc3 d5 2. e4 d4 3. Nce2 e5 4. Ng3 Be6 5. Nf3 Nd7 6. Be2 Bd6 7. d3 f6 8. Bd2
Ne7 9. Qc1 c5 10. Nh4 g5 11. Bh5+ Bf7 12. Bxf7+ Kxf7 13. Nhf5 Nxf5 14. Nxf5 Be7
15. c3 Rc8 16. Qd1 Kg6 17. h4 h5 18. c4 Kf7 19. hxg5 fxg5 20. Rxh5 Nf6 21. Rh3
Rxh3 22. gxh3 Qh8 23. Qf3 Rg8 24. O-O-O Rg6 25. Rg1 Qh5 26. Qg3 Nd7 27. Kc2 Qh8
28. h4 g4 29. f3 Ke6 30. fxg4 Nf6 31. Bg5 Bd8 32. Bxf6 Qxf6 33. g5 Qh8 34. Qg4
Kf7 35. Nh6+ Ke8 36. Qf5 Qg7 37. Ng4 Bc7 38. Nf6+ Kd8 39. h5 Rh6 40. gxh6 1-0

[Event "Miedzynarodowy Turniej Szachowy Szachowe"]
[Site "WSUS Poznan, ul. Glogowska"]
[Date "2013.??.??"]
[Round "6.20"]
[White "Adamczyk, Wieslaw"]
[Black "Meczynski, Waldemar"]
[Result "0-1"]
[WhiteElo "1536"]
[BlackElo "2159"]
[PlyCount "62"]
[EventDate "2013.??.??"]

1. e4 c5 2. Nc3 Nc6 3. Nge2 g6 4. g3 Bg7 5. Bg2 e6 6. d3 Nge7 7. O-O d5 8. exd5
exd5 9. d4 Nxd4 10. Nf4 Be6 11. Be3 O-O 12. Na4 b6 13. c4 Rc8 14. cxd5 Bxd5 15.
Nxd5 Nxd5 16. Bxd4 Bxd4 17. Bxd5 Qxd5 18. Nc3 Qc6 19. Qc2 h5 20. Rad1 h4 21.
Qe4 Qxe4 22. Nxe4 hxg3 23. hxg3 Bxb2 24. Rd2 Bd4 25. Nd6 Rcd8 26. Nb5 Rd7 27.
Nxd4 Rfd8 28. Ne6 Rxd2 29. Nxd8 Rxd8 30. f4 Rd2 31. Rf2 Rxf2 0-1

[Event "Miedzynarodowy Turniej Szachowy Szachowe"]
[Site "WSUS Poznan, ul. Glogowska"]
[Date "2013.??.??"]
[Round "6.24"]
[White "Nowak, Adam"]
[Black "Hoffmann, Kacper"]
[Result "1-0"]
[WhiteElo "1352"]
[BlackElo "1584"]
[PlyCount "61"]
[EventDate "2013.??.??"]

1. c4 f5 2. Nc3 Nf6 3. g3 e5 4. d3 g6 5. Bg2 Bg7 6. e3 O-O 7. Nge2 d6 8. Rb1 a5
9. b4 c6 10. b5 d5 11. cxd5 cxd5 12. Qb3 Be6 13. e4 Qd7 14. exd5 Bf7 15. b6 Rd8
16. Bg5 h6 17. Bxf6 Bxf6 18. Qb5 Qd6 19. O-O Na6 20. Qxa5 Be7 21. Nb5 Qb4 22.
Rxb4 Nxb4 23. Na7 Nxd5 24. Qb5 Nb4 25. Bxb7 Rab8 26. Nc6 Nxc6 27. Bxc6 Bxa2 28.
Qxe5 Bg5 29. f4 Rxb6 30. fxg5 Rxc6 31. gxh6 1-0

[Event "Miedzynarodowy Turniej Szachowy Szachowe"]
[Site "WSUS Poznan, ul. Glogowska"]
[Date "2013.??.??"]
[Round "6.28"]
[White "Wojciechowska, Martyna"]
[Black "Gajewski, Zbigniew"]
[Result "1-0"]
[WhiteElo "1265"]
[BlackElo "1439"]
[PlyCount "34"]
[EventDate "2013.??.??"]

1. d4 Nf6 2. c4 d6 3. Nf3 g6 4. Nc3 Bg7 5. Bg5 Nbd7 6. e3 O-O 7. Bd3 b6 8. O-O
Bb7 9. d5 Qe8 10. e4 c6 11. Rc1 Nc5 12. Re1 Rc8 13. b4 Nxd3 14. Qxd3 cxd5 15.
cxd5 Nd7 16. Ne2 f6 17. Be3 Qf7 1-0

[Event "Miedzynarodowy Turniej Szachowy Szachowe"]
[Site "WSUS Poznan, ul. Glogowska"]
[Date "2013.??.??"]
[Round "6.30"]
[White "Piechocki, Bronislaw"]
[Black "Piasecki, Andrzej"]
[Result "1/2-1/2"]
[WhiteElo "1533"]
[BlackElo "1356"]
[PlyCount "61"]
[EventDate "2013.??.??"]

1. Nf3 b6 2. g3 Bb7 3. Bg2 Nf6 4. O-O d5 5. d3 e6 6. c4 Bd6 7. cxd5 exd5 8. d4
O-O 9. Nc3 c5 10. dxc5 Bxc5 11. Na4 Bb4 12. a3 Bd6 13. b4 b5 14. Nc5 Bxc5 15.
bxc5 Nc6 16. Nd4 Nxd4 17. Qxd4 Re8 18. Bf3 Ne4 19. Be3 Bc6 20. Rac1 a5 21. Bd2
Qf6 22. Qxf6 gxf6 23. Bxe4 Rxe4 24. e3 Ra4 25. Ra1 b4 26. axb4 axb4 27. Rab1
Rb8 28. Rfc1 b3 29. Bc3 Kg7 30. Bd4 Kg6 31. Rc3 1/2-1/2